Lost Characters by Screen Time - Statistics

General Stats
  • This quiz has been taken 152 times
  • The average score is 18 of 25
Answer Stats
Minutes Character % Correct
900 Jack Shephard
99%
693 John Locke
97%
671 Kate Austen
94%
590 James "Sawyer" Ford
93%
428 Hugo "Hurley" Reyes
92%
354 Benjamin Linus
89%
437 Sayid Jarrah
85%
313 Charlie Pace
83%
278 Desmond Hume
81%
279 Jin-Soo Kwon
80%
292 Sun-Hwa Kwon
80%
221 Claire Littleton
77%
104 Daniel Faraday
72%
231 Michael Dawson
72%
80 Boone Carlyle
71%
254 Juliet Burke
63%
81 Shannon Rutherford
61%
135 Mr. Eko
60%
65 Walter "Walt" Lloyd
57%
111 Ana Lucia Cortez
56%
112 Miles Straume
51%
116 Richard Alpert
50%
52 Elizabeth "Libby"
42%
55 Danielle Rousseau
36%
54 Frank Lapidus
35%
No matching quizzes found
Score Distribution
Percent of People with Each Score
Percentile by Number Answered
Your Score History
You have not taken this quiz